Quizzes
Events
Quiz Creation
Community
Videos
Private Events
Remove Ads
Sign In
Join for FREE
Feedback
Dark Mode
Quiz Categories
Sports
Geography
Music
Movies
Television
Just For Fun
Miscellaneous
History
Literature
Language
Science
Gaming
Entertainment
Religion
Holiday
For Kids
Quiz Lab
Recent
Popular Today
Quiz Kudos Today
Editor Picks
Curator Picks
Quizzes by...
Day
Popularity
Type
Ratings
Length
Year
Community
Subscriptions
Recent Discussions
Orange Saloon
Badges
Playlists
Quests
Create
Leaderboards
Showdown
Live 5
Trivia Bingo
Activity
Puzzle Library
Sporcle Events
Private Events
Virtual Trivia
Globe League
Become a Host
Pub Owners
SporcleCon
Opinionation
Our Games
Videos
Blog
Mobile Apps
Partnerships
Remove Ads and Go Orange
Feedback
Music
Pop Music
The Beatles
Song
Album
Lyrics
Bands
Singers
Artist
Clip
Rock
Rap
Classical
Billboard
Country Music
Kpop
Taylor Swift
Music
Pop Music
The Beatles
Song
Album
Lyrics
Bands
Singers
Artist
Clip
Rock
Rap
Classical
Billboard
Country Music
Kpop
Taylor Swift
Random Quiz
Search Sporcle
×
Quiz Lab
Quiz Lab
Music
Lyrics
Type in answers that appear in a list
Type in answers that appear in a list
Classic
Best Score? Go Orange.
'Overkill' Lyrics Stats
Name the lyrics to 'Overkill' by Men At Work
By
Rat_Salad
10m
172 Questions
448 Plays
448 Plays
448 Plays
Comments
Comments
Give Quiz Kudos
Give Quiz Kudos
-
- Ratings
hide this ad
Replay
Link that replays current quiz
Next Quiz
Link to next quiz in quiz playlist
You Got
0%
They Got
Avg Score
87%
Avg Friend Score
Upgrade to see
Score Distribution
Jump to the score distribution portion of the page
Score
0/172
Timer
10:00
0
Plays Today
Answer
% Correct
I
99.6%
I
99.6%
the
99.6%
And
99.6%
the
99.6%
I
99.6%
I
99.6%
the
99.6%
and
99.6%
the
99.6%
the
99.6%
the
99.6%
And
99.6%
the
99.6%
the
99.6%
and
99.6%
I
99.6%
I
99.6%
the
99.6%
And
99.6%
the
99.6%
I
99.6%
I
99.6%
the
99.6%
and
99.6%
and
99.6%
and
99.6%
to
98.4%
to
98.4%
to
98.4%
get
98.2%
get
98.2%
can't
98%
sleep
98%
can't
98%
sleep
98%
over
97.1%
over
97.1%
night
96.9%
Night
96.9%
night
96.9%
night
96.9%
Night
96.9%
night
96.9%
night
96.9%
Night
96.9%
night
96.9%
about
96.4%
in
96.4%
about
96.4%
in
96.4%
think
96.2%
it
96.2%
It
96.2%
It
96.2%
think
96.2%
it
96.2%
deep
94.6%
Answer
% Correct
deep
94.6%
overkill
94.2%
overkill
94.2%
after
94%
after
94%
after
94%
after
94%
after
94%
after
94%
too
93.8%
Day
93.8%
day
93.8%
Day
93.8%
day
93.8%
day
93.8%
too
93.8%
Day
93.8%
day
93.8%
at
93.1%
At
93.1%
at
93.1%
implications
92.4%
implications
92.4%
fade
91.7%
away
91.7%
fade
91.7%
away
91.7%
fade
91.7%
away
91.7%
fade
91.7%
away
91.7%
fade
91.7%
away
91.7%
diving
91.1%
worry
91.1%
diving
91.1%
worry
91.1%
my
90.8%
my
90.8%
my
90.8%
it's
90.4%
It's
90.4%
It's
90.4%
just
90%
just
90%
Of
88.8%
be
88.8%
Of
88.8%
be
88.8%
fear
88.4%
fear
88.4%
fear
88.4%
situations
87.9%
situations
87.9%
appear
87.7%
appear
87.7%
appear
87.7%
appear
87.7%
Answer
% Correct
appear
87.7%
shows
87.5%
shows
87.5%
shows
87.5%
Especially
87.3%
all
87.3%
Especially
87.3%
all
87.3%
know
86.6%
heartbeat
86.6%
heartbeat
86.6%
know
86.6%
heartbeat
86.6%
reappears
86.4%
reappears
86.4%
reappears
86.4%
complications
84.8%
complications
84.8%
right
84.2%
right
84.2%
Ghosts
83%
Ghosts
83%
Ghosts
83%
Ghosts
83%
Ghosts
83%
another
81%
Come
80.8%
back
79.7%
will
78.8%
will
78.8%
possibly
74.8%
possibly
74.8%
that
72.3%
From
69%
time
67.4%
streets
67.2%
walk
66.1%
lights
65.8%
sheets
65%
there's
64.5%
there's
64.5%
least
64.1%
pretty
63.8%
between
63.2%
imagination
62.9%
Smell
60.7%
nullifies
60.3%
desperation
60%
Perhaps
56.3%
exasperation
55.1%
Only
54.2%
variation
53.1%
brings
48.7%
little
46%
though
44.6%
Alone
36.8%
Quiz Playlist
Details
Report
Send in Message
Add To Playlist
Classic:
Type in answers that appear in a list
Last Updated: Sep 6, 2017
Quiz Scoreboard
CHALLENGE
Sign Up to Join the Scoreboard
Show All
Scores
Hide
Comments
May contain spoilers
Recently Published
Presidents Visiting Landmarks
by Hejman
History
7m
An Introduction to Baseball
by treessimontrees
Sports
5m
Movies - When Are They Set?
by FPL_Elf
Movies
5m
More to Explore
Quiz From the Vault
Featured Blog Post
Where Did the Easter Bunny Come From?
hide this ad
You Might Also Like...
Tags
Lyrics Quiz
men
Today's Top Quizzes in Music
Browse Music
hide this ad
Today's Top Quizzes in Lyrics
Browse Lyrics
Top Contributed Quizzes in Music
1
Taylor Swift All Songs (2024)
2
Guess the Artist- 70s Songs
3
Taylor Swift Logic Puzzle
4
KPOP LOGIC QUIZ
5
One Thing in Common: Music
6
2010s Album by Cover III
7
7-to-1: Billboard Hot 100 #1 Hits of 2010s
8
Guess the Taylor Swift song (Mystery Song)
9
Sorting Albums and Songs
10
2000s Album Cover Bunker
Explore More
Trending Topics
Kpop
NBA
Disney
Harry Potter
Marvel
Crossword
Anime
Song
Puzzle
WWE
Country
The Office
NFL
Soccer
Pokémon
hide this ad
More By:
Rat_Salad
Quiz
Plays
Rating
Category
Featured
Created
'Runaway Train' Lyrics
1,562
4.60
Music
Oct 28, 2015
'H.' Lyrics
488
5.00
Music
Aug 27, 2015
'Overkill' Lyrics
448
5.00
Music
Jul 26, 2015
'Black No. 1' lyrics
352
4.00
Music
Aug 8, 2015
'Working For The Weekend' Lyrics
297
5.00
Music
Aug 13, 2015
Go to Creator's Profile
Score Distribution
Quiz Creator Spotlight
Rat_Salad
Follow
Send a Message
Quizzes Created
-
Created Quiz Play Count
-
More By This Creator
Popular Quizzes Today
1
Find the US States - No Outlines Minefield
2
Find the Countries of Europe - No Outlines Minefield
3
The Countries of the World
4
Find the US States
5
Popular People in 1961
6
US States
7
Risky Map Clicking: Biggest States A-Z
8
1-10 Letter E Words III
More Music Quizzes
Original Band Aid
Published
Trending Quizzes
Risky Map Clicking: Least Populous States A-Z
1-10 Letter G Words
1-10 Letter F Words
One Thing in Common: United Kingdom
Risky Map Clicking: Next State Alphabetically
Recently Updated
Leaping Animals
pecheneg
Reality TV Shows (A-Z)
bhenderson79
Rickey Henderson's Hall of Fame Teammates
pecheneg
Champions League XIs: Arsenal
pecheneg
Quick Pick: Celebrities in WWE's Hall of Fame
aduchscher
A-Z Keypad Blitz II
pecheneg
Multiple Oscar Actors
pecheneg
Mystery Phrase Blitz: Oscar 'Best Actors'
pecheneg
F. Scott Fitzgerald Novels
LTH
Pick 3 Villains
ddd62291
Trending Topics
Harry Potter
Anime
NBA
Disney
Kpop
Crossword
Marvel
Song
WWE
Country
The Office
NFL
Pokémon
Soccer
Puzzle
Your Account Isn't Verified!
In order to create a playlist on Sporcle, you need to verify the email address you used during registration. Go to your
Sporcle Settings
to finish the process.
Report this User
Report this user for behavior that violates our
Community Guidelines
.
Details:
Send Report
Go to the Sporcle.com Mobile Site →
Comments